Tu rostro mañana. 3 Veneno y sombra y adiós

Gespeichert in:
Bibliographische Detailangaben
1. Verfasser: Marías, Javier
Format: Buch
Sprache:Spanish
Veröffentlicht: Madrid, España Alfaguara 2007
Schlagworte:
Tags: Tag hinzufügen
Keine Tags, Fügen Sie den ersten Tag hinzu!

MARC

LEADER 00000nam a2200000Ia 4500
008 170316s9999 xx 000 0 spa d
999 |c 30873  |d 30873 
040 |a cru BVZT 
090 |a 862 M-13.1t 
100 |a Marías, Javier 
245 |a Tu rostro mañana. 3 Veneno y sombra y adiós 
260 |a Madrid, España 
260 |b Alfaguara 
260 |c 2007 
300 |a 709 páginas  
650 |a LITERATURA ESPAÑOLA  |9 23 
650 |a NOVELA  |9 13 
942 |c 15 D  |h 862 M-13.1t  |2 z